Southville International School and Colleges
Your cart is empty.
  • Cart
  • Lists
    Public lists Eva Luna New books Lux_list list_1
    Your lists Log in to create your own lists
  • Log in to your account
  • Your cookies
  • Search history
Southville International School and Colleges
  • Advanced search
  • Recent comments
  • Most popular
  • Libraries

Log in to your account

Log in with GOOGLE


If you do not have an external account, but do have a local account, you can still log in:

  1. Home
  2. MARC view: General mathematics for senior high school /
Normal view MARC view ISBD view

General mathematics for senior high school / (Record no. 358174)

[ view plain ]
MARC details
000 -LEADER
fixed length control field 00850nam a22002417a 4500
003 - CONTROL NUMBER IDENTIFIER
control field SISC
005 - DATE AND TIME OF LATEST TRANSACTION
control field 20180724170555.0
008 - FIXED-LENGTH DATA ELEMENTS--GENERAL INFORMATION
fixed length control field 180724b xxu||||| |||| 00| 0 eng d
020 ## - INTERNATIONAL STANDARD BOOK NUMBER
International Standard Book Number 9789719805427
050 ## - LIBRARY OF CONGRESS CALL NUMBER
Classification number QA 39
Item number .O253 2016
100 ## - MAIN ENTRY--PERSONAL NAME
Personal name Obias-Aonan, Grace
245 ## - TITLE STATEMENT
Title General mathematics for senior high school /
Statement of responsibility, etc Grace Obias-Aoanan, Ma. Lourdes Pidor-Plarizan, Beverly Tabay-Regidor, Lolly Jean Carupo-Simbulas
260 ## - PUBLICATION, DISTRIBUTION, ETC. (IMPRINT)
Place of publication, distribution, etc Quezon City :
Name of publisher, distributor, etc C & E Publishing,
Date of publication, distribution, etc c2016.
300 ## - PHYSICAL DESCRIPTION
Extent 468 pages :
Other physical details illustrations ;
Dimensions 26 cm.
500 ## - GENERAL NOTE
General note Includes index and bibliographical references.
650 ## - SUBJECT ADDED ENTRY--TOPICAL TERM
Topical term or geographic name as entry element Mathematical readiness
General subdivision Study and teaching
650 ## - SUBJECT ADDED ENTRY--TOPICAL TERM
Topical term or geographic name as entry element Mathematics
700 ## - ADDED ENTRY--PERSONAL NAME
Personal name Pidor-Plarizan, Ma. Lourdes
700 ## - ADDED ENTRY--PERSONAL NAME
Personal name Tabay-Regidor, Beverly
700 ## - ADDED ENTRY--PERSONAL NAME
Personal name Carupo-Simbulas, Lolly Jean
942 ## - ADDED ENTRY ELEMENTS (KOHA)
Source of classification or shelving scheme Library of Congress Classification
Koha item type Books
Holdings
Withdrawn status Lost status Source of classification or shelving scheme Damaged status Home library Current library Shelving location Date acquired Source of acquisition Sub Shelving location Total Checkouts Full call number Barcode Date last seen Date checked out Price effective from Koha item type
    Library of Congress Classification   Luxembourg Library Luxembourg Library Teachers Reference Section 07/24/2018 Donation   1 QA 39 .O253 2016 20516 11/18/2022 09/02/2022 07/24/2018 Books

General mathematics for senior high school /

APA

Obias-Aonan G., Pidor-Plarizan M. L., Tabay-Regidor B. & Carupo-Simbulas L. J. (2016). General mathematics for senior high school. Quezon City: C & E Publishing.

Chicago

Obias-Aonan Grace, Pidor-Plarizan Ma Lourdes, Tabay-Regidor Beverly and Carupo-Simbulas Lolly Jean. 2016. General mathematics for senior high school. Quezon City: C & E Publishing.

Harvard

Obias-Aonan G., Pidor-Plarizan M. L., Tabay-Regidor B. and Carupo-Simbulas L. J. (2016). General mathematics for senior high school. Quezon City: C & E Publishing.

MLA

Obias-Aonan Grace, Pidor-Plarizan Ma Lourdes, Tabay-Regidor Beverly and Carupo-Simbulas Lolly Jean. General mathematics for senior high school. Quezon City: C & E Publishing. 2016.

  • Place hold
  • Print
  • Cite
  • Add to your cart (remove)
  • Save record
    BIBTEX Dublin Core MARCXML MARC (non-Unicode/MARC-8) MARC (Unicode/UTF-8) MARC (Unicode/UTF-8, Standard) MODS (XML) RIS
  • More searches
    Search for this title in:
    Other Libraries (WorldCat) Other Databases (Google Scholar) Online Stores (Bookfinder.com) Open Library (openlibrary.org)

Exporting to Dublin Core...

SOUTHVILLE LIBRARY

Southville International School and Colleges Library

1281 Tropical Ave. Cor. Luxembourg St., BF Homes International, Las Pinas City

Tel. No. 8256374 / 252358 Loc. 117/146

Powered by Koha